000
00227nam a2200097Ia 4500
008
190216s9999||||xx |||||||||||||| ||und||
100
_a
Andranove
245
0
_a
Dravida Bhashakal
260
_b
Kerala Bhasha Institute
942
_c
BK
999
_c
37890
_d
37890